[Event "Stay Safe Play From Home slow tournament"]
[Site "Emanuel Lasker Arena"]
[Date "2020.08.29"]
[Round "2"]
[White "B1b"]
[Black "Roefe Detlef"]
[Result "1/2-1/2"]
[WhiteElo "2008"]
[BlackElo "1848"]
[Annotator "NA"]
[PlyCount "231"]
[EventDate "2020.08.29"]
[EventType "swiss (rapid)"]

1. e4 {[%emt 0:00:06]} c5 {[%emt 0:00:03]} 2. Nf3 {[%emt 0:00:04]} Nc6 {[%emt 0:00:03]} 3. c3 {[%emt 0:00:10]} Nf6 {[%emt 0:00:02]} 4. d3 {[%emt 0:00:07]} d6 {[%emt 0:00:02]} 5. Be2 {[%emt 0:00:02]} g6 {[%emt 0:00:04]} 6. O-O {[%emt 0:00:02]} Bg7 {[%emt 0:00:01]} 7. Nbd2 {[%emt 0:00:01]} O-O {[%emt 0:00:02]} 8. Re1 {[%emt 0:00:01]} b6 {[%emt 0:00:04]} 9. Nf1 {[%emt 0:00:02]} Bb7 {[%emt 0:00:02]} 10. Ng3 {[%emt 0:00:02]} e6 {[%emt 0:00:11]} 11. Bg5 {[%emt 0:00:03]} Qc7 {[%emt 0:00:02]} 12. Qd2 {[%emt 0:00:02]} d5 {[%emt 0:00:09]} 13. Bf4 {[%emt 0:00:31]} Qd8 {[%emt 0:00:08]} 14. e5 {[%emt 0:00:05]} Nd7 {[%emt 0:00:02]} 15. d4 {[%emt 0:00:03]} Qc7 {[%emt 0:00:04]} 16. Bh6 {[%emt 0:00:14]} Ne7 {[%emt 0:00:02]} 17. Rac1 {[%emt 0:00:42]} Nf5 {[%emt 0:00:02]} 18. Nxf5 {[%emt 0:00:08]} exf5 {[%emt 0:00:03]} 19. Bb5 {[%emt 0:00:19]} a6 {[%emt 0:00:09]} 20. Bxd7 {[%emt 0:00:03]} Qxd7 {[%emt 0:00:02]} 21. Bxg7 {[%emt 0:00:13]} Kxg7 {[%emt 0:00:01]} 22. Qg5 {[%emt 0:00:12]} Qe6 {[%emt 0:00:06]} 23. Qh4 {[%emt 0:00:48]} h6 {[%emt 0:00:03]} 24. Kh1 {[%emt 0:00:04]} Rfe8 {[%emt 0:00:04]} 25. Rg1 {[%emt 0:00:08]} g5 {[%emt 0:00:02]} 26. Qh5 {[%emt 0:00:53]} Qg6 {[%emt 0:00:04]} 27. Qxg6+ {[%emt 0:00:51]} Kxg6 {[%emt 0:00:00]} 28. Rge1 {[%emt 0:00:07]} Rac8 {[%emt 0:00:08]} 29. Kg1 {[%emt 0:00:32]} Re7 {[%emt 0:00:05]} 30. Nd2 {[%emt 0:00:24]} Rce8 {[%emt 0:00:08]} 31. Kf1 {[%emt 0:00:07]} Bc6 {[%emt 0:00:41]} 32. g3 {[%emt 0:00:03]} Bd7 {[%emt 0:00:13]} 33. f4 {[%emt 0:00:04]} Be6 {[%emt 0:00:03]} 34. dxc5 {[%emt 0:00:23]} bxc5 {[%emt 0:00:03]} 35. Nb3 {[%emt 0:00:02]} Rc7 {[%emt 0:00:04]} 36. Rcd1 {[%emt 0:00:07]} Rb8 {[%emt 0:00:05]} 37. Rd2 {[%emt 0:00:09]} Rb5 {[%emt 0:00:19]} 38. Nc1 {[%emt 0:00:44]} a5 {[%emt 0:00:04]} 39. Ke2 {[%emt 0:00:24]} Rcb7 {[%emt 0:00:04]} 40. b3 {[%emt 0:00:09]} c4 {[%emt 0:00:04]} 41. Ke3 {[%emt 0:00:16]} cxb3 {[%emt 0:00:05]} 42. axb3 {[%emt 0:00:09]} Rc7 {[%emt 0:00:12]} 43. Kd3 {[%emt 0:00:28]} Rbc5 {[%emt 0:00:10]} 44. Na2 {[%emt 0:00:20]} Rb5 {[%emt 0:00:10]} 45. Rb1 {[%emt 0:00:18]} Rcb7 {[%emt 0:00:04]} 46. b4 {[%emt 0:00:09]} axb4 {[%emt 0:00:04]} 47. Nxb4 {[%emt 0:00:10]} d4 {[%emt 0:00:24]} 48. Kxd4 {[%emt 0:00:22]} Rd7+ {[%emt 0:00:05]} 49. Ke3 {[%emt 0:00:06]} gxf4+ {[%emt 0:00:07]} 50. gxf4 {[%emt 0:00:01]} Rxd2 {[%emt 0:00:02]} 51. Kxd2 {[%emt 0:00:02]} f6 {[%emt 0:00:04]} 52. exf6 {[%emt 0:00:11]} Kxf6 {[%emt 0:00:02]} 53. Ra1 {[%emt 0:00:08]} Rb6 {[%emt 0:00:12]} 54. Ke3 {[%emt 0:00:22]} Rd6 {[%emt 0:00:04]} 55. Ra6 {[%emt 0:00:22]} Rd1 {[%emt 0:00:04]} 56. Nc6 {[%emt 0:00:44]} Bc4 {[%emt 0:00:18]} 57. Rb6 {[%emt 0:00:19]} Rd3+ {[%emt 0:00:07]} 58. Kf2 {[%emt 0:00:21]} Rxc3 {[%emt 0:00:02]} 59. Ne5+ {[%emt 0:00:15]} Kg7 {[%emt 0:00:09]} 60. Rc6 {[%emt 0:00:27]} Rc2+ {[%emt 0:00:04]} 61. Ke1 {[%emt 0:00:33]} Bb3 {[%emt 0:00:11]} 62. Rg6+ {[%emt 0:00:13]} Kh7 {[%emt 0:00:05]} 63. h4 {[%emt 0:00:24]} Rh2 {[%emt 0:00:10]} 64. Rf6 {[%emt 0:00:49]} Bc2 {[%emt 0:00:09]} 65. Ng6 {[%emt 0:00:55]} Kg7 {[%emt 0:00:18]} 66. Rd6 {[%emt 0:00:21]} Bb3 {[%emt 0:00:10]} 67. Ne7 {[%emt 0:00:19]} Bc2 {[%emt 0:00:15]} 68. Ng6 {[%emt 0:00:04]} Be4 {[%emt 0:00:10]} 69. Rb6 {[%emt 0:00:13] B1b offers a draw B1b offers a draw B1b offers a draw} h5 {[%emt 0:00:17]} 70. Kf1 {[%emt 0:00:17]} Rh1+ {[%emt 0:00:07]} 71. Kf2 {[%emt 0:00:06]} Rh3 {[%emt 0:00:08]} 72. Ke2 {[%emt 0:00:11]} Bd3+ {[%emt 0:00:18]} 73. Kf2 {[%emt 0:00:07]} Be4 {[%emt 0:00:01]} 74. Ke2 {[%emt 0:00:03]} Rh2+ {[%emt 0:00:03]} 75. Ke1 {[%emt 0:00:09]} Rg2 {[%emt 0:00:09]} 76. Ne5 {[%emt 0:00:21]} Rh2 {[%emt 0:00:20]} 77. Ng6 {[%emt 0:00:03]} Kf7 {[%emt 0:00:13]} 78. Ne5+ {[%emt 0:00:04]} Ke8 {[%emt 0:00:10]} 79. Ng6 {[%emt 0:00:03]} Kd7 {[%emt 0:00:06]} 80. Rf6 {[%emt 0:00:16]} Ke8 {[%emt 0:00:25]} 81. Rb6 {[%emt 0:00:06]} Kf7 {[%emt 0:00:04]} 82. Ne5+ {[%emt 0:00:02]} Ke7 {[%emt 0:00:05]} 83. Ng6+ {[%emt 0:00:04]} Kd7 {[%emt 0:00:03]} 84. Rf6 {[%emt 0:00:03] B1b offers a draw B1b offers a draw B1b offers a draw} Rh3 {[%emt 0:00:10]} 85. Ke2 {[%emt 0:00:16]} Bf3+ {[%emt 0:00:12]} 86. Kf2 {[%emt 0:00:08]} Bg4 {[%emt 0:00:01]} 87. Ne5+ {[%emt 0:00:17]} Ke7 {[%emt 0:00:06]} 88. Rf7+ {[%emt 0:00:10]} Ke8 {[%emt 0:00:04]} 89. Rh7 {[%emt 0:00:13]} Kd8 {[%emt 0:00:34]} 90. Rd7+ {[%emt 0:00:05]} Kc8 {[%emt 0:00:04]} 91. Rh7 {[%emt 0:00:01]} Rxh4 {[%emt 0:00:07]} 92. Nxg4 {[%emt 0:00:16]} fxg4 {[%emt 0:00:02]} 93. f5 {[%emt 0:00:12]} Kd8 {[%emt 0:00:02]} 94. f6 {[%emt 0:00:06]} Ke8 {[%emt 0:00:04]} 95. Re7+ {[%emt 0:00:10]} Kf8 {[%emt 0:00:03]} 96. Rg7 {[%emt 0:00:09]} Rh3 {[%emt 0:00:04]} 97. Kg2 {[%emt 0:00:06]} Rf3 {[%emt 0:00:29]} 98. Rg5 {[%emt 0:00:05]} Rh3 {[%emt 0:00:02]} 99. Rg7 {[%emt 0:00:02]} Rf3 {[%emt 0:00:19]} 100. Rg5 {[%emt 0:00:02]} Kf7 {[%emt 0:00:04]} 101. Rxh5 {[%emt 0:00:02]} Kxf6 {[%emt 0:00:01]} 102. Rh6+ {[%emt 0:00:03]} Kg5 {[%emt 0:00:02]} 103. Rh8 {[%emt 0:00:01] B1b offers a draw B1b offers a draw B1b offers a draw} Rf6 {[%emt 0:00:08]} 104. Rg8+ {[%emt 0:00:05]} Kf4 {[%emt 0:00:02]} 105. Ra8 {[%emt 0:00:04]} Rf5 {[%emt 0:00:05]} 106. Ra4+ {[%emt 0:00:03]} Kg5 {[%emt 0:00:01]} 107. Ra8 {[%emt 0:00:01] B1b offers a draw B1b offers a draw B1b offers a draw} Rb5 {[%emt 0:00:22]} 108. Rg8+ {[%emt 0:00:03]} Kf5 {[%emt 0:00:02]} 109. Rf8+ {[%emt 0:00:01]} Ke6 {[%emt 0:00:02]} 110. Rg8 {[%emt 0:00:05]} Rb4 {[%emt 0:00:03]} 111. Kg3 {[%emt 0:00:05]} Kf5 {[%emt 0:00:02]} 112. Rf8+ {[%emt 0:00:03]} Kg5 {[%emt 0:00:02]} 113. Rg8+ {[%emt 0:00:02]} Kh5 {[%emt 0:00:01]} 114. Rh8+ {[%emt 0:00:01]} Kg6 {[%emt 0:00:02]} 115. Rg8+ {[%emt 0:00:02]} Kf5 {[%emt 0:00:02]} 116. Rf8+ {[%emt 0:00:01] B1b offers a draw B1b offers a draw B1b offers a draw (Lag: Av=0.40s, max=1.1s) (Lag: Av=0.40s, max=1.1s) (Lag: Av=0.40s, max=1.1s)} 1/2-1/2

[Event "Stay Safe Play From Home slow tournament"]
[Site "Emanuel Lasker Arena"]
[Date "2020.08.29"]
[Round "2"]
[White "Ghilea75"]
[Black "Action26"]
[Result "1-0"]
[WhiteElo "1997"]
[BlackElo "1898"]
[Annotator "NA"]
[PlyCount "51"]
[EventDate "2020.08.29"]
[EventType "swiss (rapid)"]

1. e4 {[%emt 0:00:05]} c5 {[%emt 0:00:03]} 2. Nc3 {[%emt 0:00:05]} e6 {[%emt 0:00:03]} 3. g3 {[%emt 0:00:03]} Nc6 {[%emt 0:00:15]} 4. Bg2 {[%emt 0:00:05]} d6 {[%emt 0:00:09]} 5. Nge2 {[%emt 0:00:04]} Nf6 {[%emt 0:00:06]} 6. O-O {[%emt 0:00:06]} Be7 {[%emt 0:00:16]} 7. a3 {[%emt 0:00:37]} O-O {[%emt 0:00:23]} 8. d3 {[%emt 0:00:07]} Rb8 {[%emt 0:00:07]} 9. b3 {[%emt 0:00:27]} b5 {[%emt 0:00:09]} 10. a4 {[%emt 0:00:17]} b4 {[%emt 0:00:04]} 11. Nb1 {[%emt 0:00:04]} d5 {[%emt 0:00:28]} 12. exd5 {[%emt 0:00:09]} exd5 {[%emt 0:00:00]} 13. Bb2 {[%emt 0:00:08]} Re8 {[%emt 0:00:08]} 14. Nd2 {[%emt 0:00:07]} Bf5 {[%emt 0:00:19]} 15. Re1 {[%emt 0:00:22]} Qd7 {[%emt 0:00:24]} 16. Nf4 {[%emt 0:00:14]} Bg4 {[%emt 0:00:55]} 17. Bf3 {[%emt 0:00:11]} Bxf3 {[%emt 0:00:13]} 18. Qxf3 {[%emt 0:00:03]} Rbd8 {[%emt 0:00:09]} 19. Re2 {[%emt 0:01:24]} Nd4 {[%emt 0:00:25]} 20. Bxd4 {[%emt 0:00:05]} cxd4 {[%emt 0:00:01]} 21. Rae1 {[%emt 0:00:05]} Kf8 {[%emt 0:00:37]} 22. Nh5 {[%emt 0:01:18]} Rc8 {[%emt 0:02:14]} 23. Nxf6 {[%emt 0:00:17]} Bxf6 {[%emt 0:00:15]} 24. Rxe8+ {[%emt 0:00:14]} Rxe8 {[%emt 0:00:03]} 25. Rxe8+ {[%emt 0:00:07]} Kxe8 {[%emt 0:00:03] Action26 bietet Remis Action26 bietet Remis Action26 bietet Remis} 26. Qf4 {[%emt 0:00:55] . . . (Lag: Av=0.64s, max=1.4s) (Lag: Av=0.64s, max=1.4s) (Lag: Av=0.64s, max=1.4s)} 1-0

[Event "Stay Safe Play From Home slow tournament"]
[Site "Emanuel Lasker Arena"]
[Date "2020.08.29"]
[Round "2"]
[White "MartinKestler"]
[Black "KING o KONG"]
[Result "1-0"]
[WhiteElo "1971"]
[BlackElo "1376"]
[Annotator "NA"]
[PlyCount "69"]
[EventDate "2020.08.29"]
[EventType "swiss (rapid)"]

1. Nf3 {[%emt 0:00:02]} e6 {[%emt 0:00:03]} 2. d4 {[%emt 0:00:02]} d6 {[%emt 0:00:02]} 3. c4 {[%emt 0:00:05]} d5 {[%emt 0:00:00]} 4. Bf4 {[%emt 0:00:05]} Nf6 {[%emt 0:00:11]} 5. Nc3 {[%emt 0:00:05]} c6 {[%emt 0:00:05]} 6. e3 {[%emt 0:00:10]} Bd6 {[%emt 0:00:02]} 7. Bg5 {[%emt 0:00:05]} Be7 {[%emt 0:00:05]} 8. Bxf6 {[%emt 0:00:03]} Bxf6 {[%emt 0:00:02]} 9. e4 {[%emt 0:00:01]} Nd7 {[%emt 0:00:28]} 10. Qb3 {[%emt 0:00:19]} Nb6 {[%emt 0:00:12]} 11. cxd5 {[%emt 0:00:13]} cxd5 {[%emt 0:00:03]} 12. e5 {[%emt 0:00:02]} Be7 {[%emt 0:00:05]} 13. Bb5+ {[%emt 0:00:05]} Bd7 {[%emt 0:00:02]} 14. O-O {[%emt 0:00:02]} a6 {[%emt 0:00:01]} 15. Bxd7+ {[%emt 0:00:04]} Kxd7 {[%emt 0:00:04]} 16. Rfc1 {[%emt 0:00:07]} Nc4 {[%emt 0:00:03]} 17. Qxb7+ {[%emt 0:00:04]} Ke8 {[%emt 0:00:11]} 18. Na4 {[%emt 0:00:11]} g6 {[%emt 0:00:01]} 19. b3 {[%emt 0:00:12]} Na5 {[%emt 0:00:02]} 20. Qb6 {[%emt 0:00:08]} Kf8 {[%emt 0:00:02]} 21. Qxd8+ {[%emt 0:00:10]} Rxd8 {[%emt 0:00:04]} 22. Rc7 {[%emt 0:00:09]} Re8 {[%emt 0:00:05]} 23. Rac1 {[%emt 0:00:08]} Kg7 {[%emt 0:00:01]} 24. h3 {[%emt 0:00:12]} h6 {[%emt 0:00:10]} 25. Nc5 {[%emt 0:00:05]} Bg5 {[%emt 0:00:05]} 26. Nxg5 {[%emt 0:00:04]} hxg5 {[%emt 0:00:02]} 27. Nxa6 {[%emt 0:00:06]} Ra8 {[%emt 0:00:07]} 28. Nc5 {[%emt 0:00:16]} g4 {[%emt 0:00:03]} 29. hxg4 {[%emt 0:00:05]} Rh4 {[%emt 0:00:06]} 30. f3 {[%emt 0:00:12]} Rah8 {[%emt 0:00:05]} 31. Nxe6+ {[%emt 0:00:01]} Kh6 {[%emt 0:00:07]} 32. Rxf7 {[%emt 0:00:14]} g5 {[%emt 0:00:23]} 33. Rf6+ {[%emt 0:00:11]} Kh7 {[%emt 0:00:08]} 34. Rc7+ {[%emt 0:00:01]} Kg8 {[%emt 0:00:03]} 35. Rf8# {[%emt 0:00:01] (Lag: Av=0.28s, max=0.3s) (Lag: Av=0.28s, max=0.3s) (Lag: Av=0.28s, max=0.3s) Mate Mate Mate} 1-0

[Event "Stay Safe Play From Home slow tournament"]
[Site "Emanuel Lasker Arena"]
[Date "2020.08.29"]
[Round "2"]
[White "Kongle"]
[Black "MSteim67"]
[Result "1-0"]
[WhiteElo "1965"]
[BlackElo "1720"]
[Annotator "NA"]
[PlyCount "81"]
[EventDate "2020.08.29"]
[EventType "swiss (rapid)"]
[TimeControl "900+5"]

1. d4 {[%emt 0:00:02]} d5 {[%emt 0:00:02]} 2. c4 {[%emt 0:00:01]} e6 {[%emt 0:00:03]} 3. Nc3 {[%emt 0:00:01]} Nf6 {[%emt 0:00:03]} 4. Bg5 {[%emt 0:00:02]} h6 {[%emt 0:00:07]} 5. Bh4 {[%emt 0:00:06]} Be7 {[%emt 0:00:04]} 6. e3 {[%emt 0:00:02]} O-O {[%emt 0:00:04]} 7. Bd3 {[%emt 0:00:01]} dxc4 {[%emt 0:00:12]} 8. Bxc4 {[%emt 0:00:02]} Nbd7 {[%emt 0:00:37]} 9. Bd3 {[%emt 0:00:15]} c6 {[%emt 0:00:23]} 10. e4 {[%emt 0:00:40]} c5 {[%emt 0:01:10]} 11. e5 {[%emt 0:01:34]} Nd5 {[%emt 0:00:35]} 12. Bxe7 {[%emt 0:00:17]} Qxe7 {[%emt 0:00:08]} 13. Nxd5 {[%emt 0:01:36]} exd5 {[%emt 0:00:10]} 14. Nf3 {[%emt 0:00:04]} cxd4 {[%emt 0:00:08]} 15. O-O {[%emt 0:00:03]} Nxe5 {[%emt 0:00:06]} 16. Re1 {[%emt 0:00:17]} Nxf3+ {[%emt 0:00:11]} 17. Qxf3 {[%emt 0:00:03]} Be6 {[%emt 0:00:25]} 18. Re5 {[%emt 0:00:31]} Qb4 {[%emt 0:00:42]} 19. b3 {[%emt 0:00:35]} Rac8 {[%emt 0:00:10]} 20. Rae1 {[%emt 0:00:28]} Qd2 {[%emt 0:00:51]} 21. R5e2 {[%emt 0:00:22]} Qc3 {[%emt 0:00:03]} 22. h3 {[%emt 0:00:08]} Qb4 {[%emt 0:00:45]} 23. Qf4 {[%emt 0:01:20]} Rc3 {[%emt 0:00:24]} 24. Bb1 {[%emt 0:00:04]} a5 {[%emt 0:00:40]} 25. Rd2 {[%emt 0:00:31]} d3 {[%emt 0:01:56]} 26. Qxb4 {[%emt 0:00:37]} axb4 {[%emt 0:00:05]} 27. Bxd3 {[%emt 0:00:01]} Rfc8 {[%emt 0:00:10]} 28. Kh2 {[%emt 0:00:15]} b6 {[%emt 0:00:23]} 29. f4 {[%emt 0:00:06]} d4 {[%emt 0:00:16]} 30. f5 {[%emt 0:00:09]} Bd5 {[%emt 0:00:27]} 31. Re5 {[%emt 0:00:18]} Ba8 {[%emt 0:00:35]} 32. Re7 {[%emt 0:00:29]} R3c7 {[%emt 0:00:28]} 33. Rde2 {[%emt 0:00:32]} Rc3 {[%emt 0:00:28]} 34. Bc4 {[%emt 0:00:13]} Rf8 {[%emt 0:00:30]} 35. Rxf7 {[%emt 0:00:16]} g6 {[%emt 0:02:42]} 36. fxg6 {[%emt 0:02:18]} Rxc4 {[%emt 0:00:23]} 37. Rxf8+ {[%emt 0:00:19]} Kxf8 {[%emt 0:00:17]} 38. bxc4 {[%emt 0:00:01]} Kg7 {[%emt 0:00:24]} 39. Re6 {[%emt 0:00:16]} d3 {[%emt 0:00:07]} 40. Rxb6 {[%emt 0:00:15]} Be4 {[%emt 0:00:33]} 41. c5 {[%emt 0:00:42] Zeit (Lag: Av=1.06s, max=3.8s)} 1-0

[Event "Stay Safe Play From Home slow tournament"]
[Site "Emanuel Lasker Arena"]
[Date "2020.08.29"]
[Round "2"]
[White "Sadbat1122"]
[Black "Buff"]
[Result "1-0"]
[WhiteElo "1879"]
[BlackElo "1799"]
[Annotator "NA"]
[PlyCount "65"]
[EventDate "2020.08.29"]
[EventType "swiss (rapid)"]

1. e4 {[%emt 0:00:02]} e5 {[%emt 0:00:01]} 2. Nf3 {[%emt 0:00:02]} Nc6 {[%emt 0:00:02]} 3. Bb5 {[%emt 0:00:02]} a6 {[%emt 0:00:02]} 4. Bxc6 {[%emt 0:00:02]} dxc6 {[%emt 0:00:00]} 5. Nc3 {[%emt 0:00:02]} Bd6 {[%emt 0:00:03]} 6. d4 {[%emt 0:00:02]} Qe7 {[%emt 0:00:02]} 7. O-O {[%emt 0:00:03]} Nf6 {[%emt 0:00:01]} 8. Bg5 {[%emt 0:00:03]} O-O {[%emt 0:00:12]} 9. Qd3 {[%emt 0:00:10]} Be6 {[%emt 0:00:22]} 10. dxe5 {[%emt 0:00:07]} Bxe5 {[%emt 0:00:14]} 11. Nxe5 {[%emt 0:00:03]} Rad8 {[%emt 0:00:30]} 12. Qe2 {[%emt 0:00:06]} h6 {[%emt 0:00:10]} 13. Bxf6 {[%emt 0:00:05]} Qxf6 {[%emt 0:00:00]} 14. Nd3 {[%emt 0:00:04]} Rfe8 {[%emt 0:00:12]} 15. e5 {[%emt 0:00:05]} Qg6 {[%emt 0:00:02]} 16. Nf4 {[%emt 0:00:15]} Qf5 {[%emt 0:00:19]} 17. Nxe6 {[%emt 0:00:02]} Rxe6 {[%emt 0:00:01]} 18. Rad1 {[%emt 0:00:11]} Rde8 {[%emt 0:00:03]} 19. Qd3 {[%emt 0:00:11]} Qxe5 {[%emt 0:00:05]} 20. Qf3 {[%emt 0:00:12]} Rf6 {[%emt 0:00:29]} 21. Qg3 {[%emt 0:00:02]} Qc5 {[%emt 0:00:10]} 22. Qxc7 {[%emt 0:00:07]} Re7 {[%emt 0:00:22]} 23. Qd8+ {[%emt 0:00:20]} Kh7 {[%emt 0:00:04]} 24. Qd4 {[%emt 0:00:08]} Qh5 {[%emt 0:00:22]} 25. h3 {[%emt 0:00:12]} Rg6 {[%emt 0:00:08]} 26. Rd3 {[%emt 0:00:09]} Ree6 {[%emt 0:00:25]} 27. Rg3 {[%emt 0:00:13]} Rd6 {[%emt 0:00:15]} 28. Qe3 {[%emt 0:00:17]} Rge6 {[%emt 0:00:15]} 29. Qf3 {[%emt 0:00:13]} Qxf3 {[%emt 0:00:39]} 30. Rxf3 {[%emt 0:00:04]} f6 {[%emt 0:00:04]} 31. Rd3 {[%emt 0:00:08]} c5 {[%emt 0:00:24]} 32. Rxd6 {[%emt 0:00:12]} Rxd6 {[%emt 0:00:00]} 33. Rd1 {[%emt 0:00:02] Buff gibt auf Buff gibt auf Buff gibt auf (Lag: Av=1.32s, max=2.4s) (Lag: Av=1.32s, max=2.4s) (Lag: Av=1.32s, max=2.4s)} 1-0

[Event "Stay Safe Play From Home slow tournament"]
[Site "Emanuel Lasker Arena"]
[Date "2020.08.29"]
[Round "2"]
[White "Dave_H"]
[Black "Aadi3110theking"]
[Result "0-1"]
[WhiteElo "1875"]
[BlackElo "2078"]
[Annotator "NA"]
[PlyCount "40"]
[EventDate "2020.08.29"]
[EventType "swiss (rapid)"]
[WhiteTeam "SK Vellmar"]
[TimeControl "900+5"]

{Halt, David (2088)} 1. e4 {[%emt 0:00:06]} c5 {[%emt 0:00:07]} 2. Nc3 {[%emt 0:00:07]} Nc6 {[%emt 0:00:08]} 3. f4 {[%emt 0:00:03]} e6 {[%emt 0:00:08]} 4. Nf3 {[%emt 0:00:04]} d5 {[%emt 0:00:06]} 5. Bb5 {[%emt 0:00:04]} Bd7 {[%emt 0:00:09]} 6. exd5 {[%emt 0:00:04]} exd5 {[%emt 0:00:14]} 7. Nxd5 {[%emt 0:00:06]} a6 {[%emt 0:00:20]} 8. Bxc6 {[%emt 0:00:27]} Bxc6 {[%emt 0:00:10]} 9. Qe2+ {[%emt 0:00:08]} Be7 {[%emt 0:00:08]} 10. Nxe7 {[%emt 0:00:09]} Nxe7 {[%emt 0:00:11]} 11. O-O {[%emt 0:00:10]} O-O {[%emt 0:00:08]} 12. Ne5 {[%emt 0:00:15]} Re8 {[%emt 0:00:39]} 13. d3 {[%emt 0:00:26]} Nf5 {[%emt 0:00:17]} 14. Qg4 {[%emt 0:04:19]} Qd4+ {[%emt 0:00:21]} 15. Kh1 {[%emt 0:00:03]} Rxe5 {[%emt 0:00:10]} 16. Qh3 {[%emt 0:02:07]} Ne3 {[%emt 0:00:44]} 17. fxe5 {[%emt 0:04:45]} Nxf1 {[%emt 0:00:30]} 18. c3 {[%emt 0:00:31]} Qxe5 {[%emt 0:00:15]} 19. Qh4 {[%emt 0:01:18]} Qe2 {[%emt 0:00:16]} 20. Qh3 {[%emt 0:01:17]} Qe1 {[%emt 0:00:06] Dave_H gibt auf (Lag: Av=1.22s, max=2.2s)} 0-1

[Event "Stay Safe Play From Home slow tournament"]
[Site "Emanuel Lasker Arena"]
[Date "2020.08.29"]
[Round "2"]
[White "Marcus Wolters"]
[Black "Emine Yanik"]
[Result "0-1"]
[WhiteElo "1773"]
[BlackElo "1620"]
[Annotator "NA"]
[PlyCount "60"]
[EventDate "2020.08.29"]
[EventType "swiss (rapid)"]

1. d4 {[%emt 0:00:17]} d5 {[%emt 0:00:04]} 2. Bf4 {[%emt 0:00:03]} e6 {[%emt 0:00:05]} 3. Nd2 {[%emt 0:00:03]} Nf6 {[%emt 0:00:10]} 4. e3 {[%emt 0:00:02]} Bd6 {[%emt 0:00:09]} 5. Bg5 {[%emt 0:00:02]} Nbd7 {[%emt 0:00:13]} 6. c4 {[%emt 0:00:03]} c6 {[%emt 0:00:21]} 7. c5 {[%emt 0:00:03]} Be7 {[%emt 0:00:18]} 8. Ngf3 {[%emt 0:00:04]} O-O {[%emt 0:00:19]} 9. Bd3 {[%emt 0:00:03]} b6 {[%emt 0:00:12]} 10. b4 {[%emt 0:00:04]} a5 {[%emt 0:00:10]} 11. a3 {[%emt 0:00:02]} Ba6 {[%emt 0:00:59]} 12. Bxa6 {[%emt 0:01:07]} Rxa6 {[%emt 0:00:00]} 13. O-O {[%emt 0:00:08]} Qa8 {[%emt 0:00:38]} 14. Ne5 {[%emt 0:01:06]} Qb7 {[%emt 0:00:35]} 15. Nxd7 {[%emt 0:00:34]} Qxd7 {[%emt 0:00:09]} 16. Bf4 {[%emt 0:02:10]} Rfa8 {[%emt 0:00:21]} 17. Qb3 {[%emt 0:00:57]} axb4 {[%emt 0:00:30]} 18. Qxb4 {[%emt 0:00:09]} bxc5 {[%emt 0:00:28]} 19. dxc5 {[%emt 0:00:05]} Ra4 {[%emt 0:00:13]} 20. Qc3 {[%emt 0:00:53]} Ne4 {[%emt 0:00:43]} 21. Nxe4 {[%emt 0:00:16]} Rxe4 {[%emt 0:00:02]} 22. f3 {[%emt 0:01:20]} Rc4 {[%emt 0:00:19]} 23. Qb3 {[%emt 0:00:31]} Bxc5 {[%emt 0:00:42]} 24. Rfd1 {[%emt 0:00:15]} Rxf4 {[%emt 0:00:09]} 25. Kf1 {[%emt 0:00:59]} Rfa4 {[%emt 0:00:21]} 26. Rdc1 {[%emt 0:00:17]} Bd6 {[%emt 0:00:10]} 27. Qb6 {[%emt 0:00:13]} c5 {[%emt 0:00:14]} 28. Rcb1 {[%emt 0:00:29]} R4a7 {[%emt 0:00:50]} 29. Rb3 {[%emt 0:00:46]} h6 {[%emt 0:00:17]} 30. Rc3 {[%emt 0:00:30]} Rb8 {[%emt 0:00:09] Marcus Wolters gibt auf Marcus Wolters gibt auf Marcus Wolters gibt auf (Lag: Av=0.64s, max=1.1s) (Lag: Av=0.64s, max=1.1s) (Lag: Av=0.64s, max=1.1s)} 0-1

[Event "Stay Safe Play From Home slow tournament"]
[Site "Emanuel Lasker Arena"]
[Date "2020.08.29"]
[Round "2"]
[White "Aap64"]
[Black "Ulff"]
[Result "0-1"]
[WhiteElo "1764"]
[BlackElo "1832"]
[Annotator "NA"]
[PlyCount "42"]
[EventDate "2020.08.29"]
[EventType "swiss (rapid)"]

1. d4 {[%emt 0:00:06]} Nf6 {[%emt 0:00:07]} 2. Bf4 {[%emt 0:00:04]} d5 {[%emt 0:00:07]} 3. e3 {[%emt 0:00:03]} e6 {[%emt 0:00:02]} 4. c3 {[%emt 0:00:06]} c5 {[%emt 0:00:02]} 5. Nd2 {[%emt 0:00:01]} Nc6 {[%emt 0:00:01]} 6. Bd3 {[%emt 0:00:09]} Bd6 {[%emt 0:00:06]} 7. Bg3 {[%emt 0:00:15]} e5 {[%emt 0:00:22]} 8. dxe5 {[%emt 0:00:20]} Nxe5 {[%emt 0:00:15]} 9. Bxe5 {[%emt 0:00:11]} Bxe5 {[%emt 0:00:06]} 10. Ngf3 {[%emt 0:00:01]} Bc7 {[%emt 0:00:47]} 11. O-O {[%emt 0:01:24]} O-O {[%emt 0:00:12]} 12. c4 {[%emt 0:00:45]} Bg4 {[%emt 0:00:24]} 13. cxd5 {[%emt 0:00:50]} Qxd5 {[%emt 0:00:41]} 14. Bc4 {[%emt 0:00:10]} Bxf3 {[%emt 0:01:26]} 15. gxf3 {[%emt 0:00:48]} Qh5 {[%emt 0:01:54]} 16. f4 {[%emt 0:00:16]} Ng4 {[%emt 0:00:44]} 17. Nf3 {[%emt 0:00:38]} Rad8 {[%emt 0:01:08]} 18. Qc2 {[%emt 0:00:54]} Rd6 {[%emt 0:01:15]} 19. Rfd1 {[%emt 0:01:13]} Nxe3 {[%emt 0:02:10]} 20. fxe3 {[%emt 0:01:34]} Qxf3 {[%emt 0:00:12]} 21. Qf2 {[%emt 0:03:51]} Rxd1+ {[%emt 0:00:11] Aap64 gibt auf Aap64 gibt auf Aap64 gibt auf (Lag: Av=0.76s, max=1.1s) (Lag: Av=0.76s, max=1.1s) (Lag: Av=0.76s, max=1.1s)} 0-1

[Event "Stay Safe Play From Home slow tournament"]
[Site "Emanuel Lasker Arena"]
[Date "2020.08.29"]
[Round "2"]
[White "vinter"]
[Black "Watchel"]
[Result "0-1"]
[WhiteElo "1726"]
[BlackElo "1804"]
[Annotator "NA"]
[PlyCount "24"]
[EventDate "2020.08.29"]
[EventType "swiss (rapid)"]

1. d4 {[%emt 0:00:07]} Nf6 {[%emt 0:00:02]} 2. c4 {[%emt 0:00:10]} e5 {[%emt 0:00:02]} 3. dxe5 {[%emt 0:00:05]} Ng4 {[%emt 0:00:03]} 4. Bf4 {[%emt 0:00:05]} Nc6 {[%emt 0:00:04]} 5. Nf3 {[%emt 0:00:05]} Bb4+ {[%emt 0:00:02]} 6. Nbd2 {[%emt 0:00:04]} Qe7 {[%emt 0:00:05]} 7. e3 {[%emt 0:00:11]} Ngxe5 {[%emt 0:00:03]} 8. Nxe5 {[%emt 0:01:02]} Nxe5 {[%emt 0:00:02]} 9. Be2 {[%emt 0:00:54]} O-O {[%emt 0:00:06]} 10. O-O {[%emt 0:00:07]} d6 {[%emt 0:00:10]} 11. a3 {[%emt 0:00:08]} Bxd2 {[%emt 0:00:14]} 12. Qxd2 {[%emt 0:00:06]} f6 {[%emt 0:00:02] vinter resigns vinter resigns vinter resigns vinter reconnected. vinter reconnected. vinter reconnected.} 0-1